A history of lung cancer (Registro nro. 296827)

Detalles MARC
000 -ENCABEZADO
Número de control [NR] 00993cam a2200253Li 4500
005 - FECHA Y HORA DE LA ÚLTIMA TRANSACCIÓN
control field 20180313061229.0
008 - DE LONGITUD FIJA DE DATOS DE ELEMENTOS - INFORMACIÓN GENERAL
Elementos de longitud fija [NR] 141003t2014 enka frb 001 0 eng d
020 ## - NUMERO INTERNACIONAL NORMALIZADO PARA LIBROS [R]
Número Internacional Normalizado del libro [NR] 9781403988027
040 ## - FUENTE DE CATALOGACION [NR]
Agencia de catalogación original [NR] CO-BoUCM
Idioma de catalogación [NR] spa
Quien Cataloga Jose A. Gerena
Quien Clasifica Jose A. Gerena
041 0# - CODIGO DE IDIOMA [R]
Código de idioma para texto/pista de sonido o título separado [R] Inglés
060 ## - SIGNATURA TOPOGRAFICA DE LA BIBLIOTECA NACIONAL DE MEDICINA (NLM) [R]
Número clasificador [R] WF 11.1
100 1# - ASIENTO PRINCIPAL--NOMBRE PERSONAL [NR]
Nombre personal [NR] Timmermann, Carsten
Fechas asociadas con el nombre [NR] 1966-
ID Autoridad 65050
245 12 - MENCION DE TITULO [NR]
Título [NR] A history of lung cancer
Parte restante del título [NR] the recalcitrant disease
Mención de responsabilidad, etc. [NR] Carsten Timmermann
260 ## - PUBLICACION, DISTRIBUCION, ETC. (PIE DE IMPRENTA) [R]
Lugar de publicación, distribución, etc. [R] Basingstoke (Hampshire, Inglaterra)
Nombre del editor, distribuidor, etc. [R] Palgrave macmillan
Fecha de publicación, distribución, etc. [R] 2014
300 ## - DESCRIPCION FISICA [R]
Extensión [R] x, 244 páginas
Otros detalles físicos [NR] ilustraciones
490 1# - MENCION DE SERIE [R]
Mención de serie [R] Science, technology and medicine in modern history
504 ## - NOTA DE BIBLIOGRAFIA, ETC. [R]
Nota de bibliografía, etc. [NR] Incluye referencias bibliográficas e índices
650 #7 - ASIENTO SECUNDARIO DE MATERIA - TERMINO TEMATICO [R]
Término temático o nombre geográfico como elemento de entrada [NR] Enfermedades de los pulmones
Subdivisión general [R] Historia
9 (RLIN) 14340
650 #7 - ASIENTO SECUNDARIO DE MATERIA - TERMINO TEMATICO [R]
Término temático o nombre geográfico como elemento de entrada [NR] Enfermedades de los pulmones
Subdivisión general [R] Tratamiento
-- Historia
9 (RLIN) 65051
650 #7 - ASIENTO SECUNDARIO DE MATERIA - TERMINO TEMATICO [R]
Término temático o nombre geográfico como elemento de entrada [NR] Cáncer
Subdivisión general [R] Historia
9 (RLIN) 10399
690 ## - ASUNTO AGREGADO LOCAL DE ENTRADA - TÉRMINO TEMÁTICO (OCLC, RLIN)
9 (RLIN) 42884
Acceso temático local Neumología
690 ## - ASUNTO AGREGADO LOCAL DE ENTRADA - TÉRMINO TEMÁTICO (OCLC, RLIN)
9 (RLIN) 42847
Acceso temático local Historia de la medicina
942 ## - ELEMENTOS DE ENTRADA AGREGADOS (KOHA)
Sistema de clasificación NLM
Tema principal Medicina
Tipo de ítem principal el descrito en 300a Libro
Edición 1
Clasificación WF 11.1
Parte restante de la signatura top. T584
Título oculto en OPAC No
Existencias
Total préstamos Signatura topográfica Código de barras Última vez visto Ejemplar Costo de reposición Price effective from Tipo de ítem Perdido Sistema de clasificación Dañado No prestable Tipo de ítem específico Suprimido Ubicación habitual Ubicación actual Localización Fecha de creación Proveedor Forma de adquisición Costo
  WF 11.1 T584 200027844 11/12/2025 Ej.1 176595.00 03/10/2014 Libro   NLM     Libro   Quinta de Mutis Quinta de Mutis 2do piso 03/10/2014 15 Compra 171200.00